| 000 | 00804nam a2200205 a 4500 | ||
|---|---|---|---|
| 003 | 0 | ||
| 005 | 20250421162010.0 | ||
| 008 | 970114s19uu xx 00 eng d | ||
| 050 |
_aPGS GV 1469.34.C57 _b.Q8 2003 |
||
| 100 | _aQuizon, John Martin M. | ||
| 245 |
_aA survey on the effect of video games on male grade six students of Southville International School 2002-2003 / _cJohn Martin M. Quizon. |
||
| 260 |
_aLas PiƱas City, Philippines : _bSouthville International School and Colleges, _c2003. |
||
| 300 |
_a38 pages : _billustrations ; _c28 cm. |
||
| 504 | _aIncludes bibliographical references. | ||
| 650 |
_aVideo games _vPsychological aspects. |
||
| 650 |
_a Video games _vSocial aspects. |
||
| 650 |
_aBoys _vConduct of life. |
||
| 650 | _aSixth grade (Education). | ||
| 942 |
_2lcc _cPASS |
||
| 999 |
_c96915 _d96915 |
||